10 Biggest Oceanian Countries by Area - Statistics

General Stats
  • This quiz has been taken 33 times
  • The average score is 9 of 10
Answer Stats
km² Country % Correct
7,692,024 Australia
100%
12,189 Vanuatu
97%
18,272 Fiji
93%
702 Micronesia
93%
268,107 New Zealand
93%
462,840 Papua New Guinea
93%
2,842 Samoa
93%
28,896 Solomon Islands
93%
726 Kiribati
87%
747 Tonga
87%
No matching quizzes found
Score Distribution
Percent of People with Each Score
Percentile by Number Answered
Your Score History
You have not taken this quiz